000 00596nam a22002057a 4500
005 20161206084129.0
008 160612t2004 mx a b 001 0 spa u
050 0 4 _aRC776.O3
_bH35 2004
100 1 _aHalpin, David
245 1 0 _aCurrent EPOC /
_cDavid Halpin, Michael Rudolf.
250 _a1a ed.
260 _aMéxico :
_bScience Press,
_c2004
300 _aix, 107 p. :
_bil. ;
_c19 cm.
504 _aIncluye índice
504 _aBibliografía : p. 85-107
506 _2Bib. Med. ISO 2016
650 4 _aPulmones
_xEnfermedades
700 1 _aRudolf, Michael,
_ecoaut.
942 _2lcc
_cLIB
999 _c63361
_d63361